[Event "Komercni Banka op"]
[Site "Pardubice"]
[Date "1999.07.18"]
[Round "3"]
[White "Polak, Tomas"]
[Black "Alekseev, Evgeny"]
[Result "0-1"]
[WhiteElo "2488"]
[BlackElo "2400"]

1.d4 Nf6 2.c4 g6 3.Nc3 Bg7 4.e4 d6 5.Nf3 O-O 6.Be2 e5 7.d5 a5 8.Bg5 h6 9.Bh4 Na6
10.Nd2 Bd7 11.O-O Qe8 12.Kh1 Nh7 13.a3 h5 14.f3 Bf6 15.Bf2 h4 16.b3 Bg5 17.Rb1 Qe7
18.b4 axb4 19.axb4 Nf6 20.Bd3 Nh5 21.Ne2 Qf6 22.h3 Kg7 23.c5 Rh8 24.Qe1 Rh7
25.Kg1 Nb8 26.Nc4 Ra2 27.Ra1 Rxa1 28.Qxa1 Bxh3 29.f4 Bxg2 30.Kxg2 Bxf4 31.Rh1 Qg5+
32.Kf1 Qg4 33.Ng1 h3 34.Rxh3 Ng3+ 35.Bxg3 Rxh3 36.Nxh3 Qxh3+ 37.Ke2 Qg4+
38.Kf1 Qf3+  0-1

[Event "S&W Young Masters 9th"]
[Site "Witley"]
[Date "1999.07.18"]
[Round "2"]
[White "Palliser, Richard"]
[Black "Bekker Jensen, Simon"]
[Result "1-0"]
[WhiteElo "2253"]
[BlackElo "2436"]

1.d4 Nf6 2.c4 g6 3.Nc3 Bg7 4.e4 d6 5.Nf3 O-O 6.Be2 Na6 7.O-O e5 8.d5 Nc5
9.Nd2 a5 10.Rb1 Bh6 11.Qc2 Nh5 12.Bxh5 gxh5 13.Nb3 Bxc1 14.Rbxc1 Nxb3 15.Qxb3 f5
16.f4 exf4 17.Rxf4 fxe4 18.Rxf8+ Qxf8 19.Nxe4 Qg7 20.Qc3 Qxc3 21.Rxc3 h4
22.Nf6+ Kf7 23.Nxh7 Bf5 24.Ng5+ Kf6 25.Nf3 h3 26.g3 Be4 27.Re3 Kf5 28.Nd4+ Ke5
29.Nb5 Kf5 30.Nxc7 Rc8 31.Nb5 Ke5 32.Rxe4+ Kxe4 33.Nxd6+  1-0

[Event "Komercni Banka op"]
[Site "Pardubice"]
[Date "1999.07.19"]
[Round "4"]
[White "Kalod, Radek"]
[Black "Shtyrenkov, Veniamen"]
[Result "1-0"]
[WhiteElo "2440"]
[BlackElo "2503"]

1.Nf3 Nf6 2.c4 g6 3.Nc3 Bg7 4.e4 d6 5.d4 O-O 6.Be2 e5 7.O-O Nbd7 8.Re1 c6
9.Bf1 Re8 10.Rb1 exd4 11.Nxd4 d5 12.cxd5 cxd5 13.Ndb5 Ne5 14.Bg5 a6 15.Nd4 dxe4
16.Nxe4 b5 17.Bxf6 Bxf6 18.Nc6  1-0

[Event "S&W Young Masters 9th"]
[Site "Witley"]
[Date "1999.07.19"]
[Round "4"]
[White "Trifunovic, Aleksandar"]
[Black "Moskovic, David M"]
[Result "0-1"]
[WhiteElo "2262"]
[BlackElo "2260"]

1.d4 Nf6 2.Nf3 g6 3.c4 Bg7 4.Nc3 O-O 5.e4 d6 6.Be2 e5 7.dxe5 dxe5 8.Qxd8 Rxd8
9.Bg5 Re8 10.Nd5 Nxd5 11.cxd5 c6 12.Bc4 cxd5 13.Bxd5 Nd7 14.Nd2 h6 15.Bh4 Nf6
16.Bb3 Be6 17.Bxe6 Rxe6 18.Bxf6 Bxf6 19.Rc1 Rd8 20.Rc2 Red6 21.Ke2 Rd4 22.f3 Bg5
23.Nb3 R4d6 24.g3 f5 25.h4 Bf6 26.Rd2 Ra6 27.Rxd8+ Bxd8 28.Nc1 Bb6 29.h5 fxe4
30.fxe4 Bd4 31.b3 Kg7 32.a4 Rc6 33.hxg6 Kxg6 34.Kd2 Rc3 35.Ne2 Rxb3 36.Nxd4 exd4
37.Re1 Kf6 38.g4 Ke5 39.Rh1 Ra3 40.Rxh6 Rxa4 41.Rh7 Ra2+ 42.Kd3 Ra3+ 43.Kd2 b6
44.g5 Kxe4 45.g6 Ra2+ 46.Kd1 Rg2 47.Rxa7 Rxg6 48.Ra3 Rg1+ 49.Kd2 Rg2+ 50.Kd1 Kd5
51.Rb3 Kc5 52.Ke1 b5 53.Kd1 Kc4 54.Rh3 b4 55.Kc1 b3 56.Rh8 Kc3 57.Rc8+ Kd3
58.Rd8 Ra2 59.Rd7 Re2 60.Rd8 b2+ 61.Kb1 Ke3 62.Re8+ Kf2 63.Rf8+ Ke1 64.Rd8 Rd2
65.Rh8 d3 66.Rh1+ Ke2 67.Rh8 Rc2 68.Rh2+ Kd1 69.Rh8 Kd2 70.Rd8 Rc5 71.Kxb2 Rb5+
72.Ka2 Kc2 73.Rc8+ Kd1 74.Rd8 d2 75.Re8 Kc2 76.Rc8+ Kd3 77.Rd8+ Kc3 78.Rd7 d1=Q
79.Rxd1 Kc2  0-1

[Event "Biel MTO"]
[Site "Biel"]
[Date "1999.07.20"]
[Round "10"]
[White "Tukmakov, Vladimir B"]
[Black "Saravanan, V."]
[Result "1-0"]
[WhiteElo "2557"]
[BlackElo "2429"]

1.Nf3 Nf6 2.c4 g6 3.Nc3 Bg7 4.e4 d6 5.d4 O-O 6.Be2 e5 7.O-O Nh5 8.Bg5 f6
9.Be3 Nf4 10.c5 Nxe2+ 11.Qxe2 exd4 12.Nxd4 dxc5 13.Qc4+ Rf7 14.Qxc5 c6 15.Rad1 Qe8
16.Qd6 Na6 17.Rfe1 Bf8 18.Qg3 Nc5 19.Nf5 Bxf5 20.exf5 Re7 21.Qh4 Qf7 22.fxg6 hxg6
23.Re2 Rd7 24.Rxd7 Nxd7 25.Rd2 Bg7 26.h3 f5 27.Rd6 Re8 28.Bd4 Bxd4 29.Qxd4 Nf8
30.g3 a6 31.Kg2 Re6 32.Rd8 Re8 33.Rxe8 Qxe8 34.g4 fxg4 35.hxg4 Qf7 36.Kg3 Qe6
37.b3 Qe1 38.Qc4+ Kg7 39.Ne4 Qg1+ 40.Kf4 Qh2+ 41.Ke3 Qe5 42.Qd4 Qxd4+ 43.Kxd4 Nd7
44.Nc5  1-0

[Event "Dutch Open"]
[Site "Dieren"]
[Date "1999.07.20"]
[Round "1"]
[White "Mikhalevski, Victor"]
[Black "Remmel, Tim"]
[Result "1/2-1/2"]
[WhiteElo "2516"]
[BlackElo "2201"]

1.d4 Nf6 2.c4 g6 3.Nc3 Bg7 4.e4 d6 5.Be2 O-O 6.Nf3 e5 7.O-O Nh5 8.Re1 Nf4
9.Bf1 Bg4 10.d5 Qf6 11.g3 Bxf3 12.Qxf3 Nxd5 13.Qxf6 Nxf6 14.Nb5 Na6 15.Bg5 h6
16.Be3 Ng4 17.Bd2 c6 18.Nc3 Nc5 19.Rad1 Nf6 20.Be3 Rfd8 21.f3 a5 22.Bh3 Nh7
23.Re2 Ng5 24.Bxg5 hxg5 25.Red2 Bf8 26.b3 Be7 27.Na4 Nxa4 28.bxa4 Kf8 29.Rb2 Ra7
30.Kf1 Rb8 31.Rdb1 Bd8 32.Bd7 Ke7 33.Bxc6 b6 34.Ke2 Bc7 35.Rd1 Rh8 36.Kf1 Bd8
37.Rbd2 Bc7 38.Rd5 Rxh2 39.R1d2 Rh1+ 40.Kg2 Ra1 41.Rb2 Rc1 42.Rd3 Rxc4 43.Bd5 Rxa4
44.Rd1 Bd8 45.Rh1 Kf6 46.Rh8 Be7 47.Rh7 Bf8 48.Rc2 Rd4 49.Rc8 Rxd5 50.exd5 Be7
51.Rhh8 e4 52.fxe4 Ke5 53.Rh7 Bf6 54.Kf3 Kd4 55.Rh1 g4+ 56.Kxg4 Kxe4 57.Rd1 Be5
58.Rc4+ Ke3 59.a4 f5+ 60.Kh3 Rh7+ 61.Kg2 g5 62.Rb1 Kd3 63.Rc6 f4 64.Rcxb6 fxg3
65.R1b3+ Ke4 66.Rxg3 Bxg3 67.Kxg3 Kxd5 68.Ra6 Kc4 69.Rxd6 Kb4 70.Rd4+ Kb3
71.Kf2 Rg7 72.Rg4 Rf7+ 73.Ke3 Rf5 74.Kd3 Rd5+ 75.Ke4 Rc5 76.Kd3 Rd5+ 77.Ke4 Rc5
78.Kd3 Ka3 79.Kd4 Rf5 80.Kc3 Rc5+ 81.Kd2 Kb3 82.Kd3 Rc3+ 83.Kd2 Rc2+ 84.Ke3 Rc4
85.Rxg5 Kxa4 86.Kd3 Rc8 87.Rg1 Kb4 88.Rb1+ Ka3 89.Ra1+ Kb4 90.Kd2 a4 91.Rc1 Rh8
92.Kc2 Rh2+ 93.Kb1 Kb3 94.Rg1 Rh3 95.Ka1 a3  1/2-1/2

[Event "Komercni Banka op"]
[Site "Pardubice"]
[Date "1999.07.20"]
[Round "5"]
[White "Mrva, Martin"]
[Black "David, Alberto"]
[Result "1/2-1/2"]
[WhiteElo "2441"]
[BlackElo "2544"]

1.d4 Nf6 2.c4 g6 3.Nc3 Bg7 4.e4 d6 5.Nf3 O-O 6.Be2 e5 7.d5 a5 8.Be3 Ng4 9.Bg5 f6
10.Bh4 Nh6 11.O-O g5 12.Bg3 f5 13.exf5 Nxf5 14.Ne4 h6 15.c5 Nd7 16.Rc1 Nf6
17.Nxf6+ Qxf6 18.cxd6 cxd6 19.Nd2 Nd4 20.Bh5 Bf5 21.Re1 Qd8 22.Nc4 Rc8 23.Ne3 Rxc1
24.Qxc1 Bd3 25.Qd2 e4 26.f3 Qb6 27.Kh1 Qa6 28.Bg6 h5 29.Bxe4 Bxe4 30.fxe4 h4
31.Bf2 h3 32.Bg1 Rf4 33.Qd1 Qb5 34.Qh5 Qd3 35.Qxh3 Qxe4 36.Rc1 Rf8 37.Rc7 Nf5
38.Nxf5 Qxf5 39.Qb3 Qb1 40.Qe3 Qf5 41.Qe7 Qe5 42.Qxe5 Bxe5 43.g4 Rf1 44.Kg2 Ra1
45.Rxb7 Rxa2 46.Kf3 Rxb2 47.Ra7 Bxh2 48.Be3 Rb3 49.Ra8+ Kf7 50.Ke4 Kg6 51.Rg8+ Kf7
52.Ra8 a4 53.Bxg5 Rg3 54.Be3 Rxg4+ 55.Kf5 Rb4 56.Ra7+ Ke8 57.Bg5 Rd4 58.Bf6 Rf4+
59.Kg6 Re4 60.Kf5 Rf4+  1/2-1/2

[Event "Biel MTO"]
[Site "Biel"]
[Date "1999.07.21"]
[Round "2"]
[White "Sundar Rajan, Kidambi"]
[Black "Thipsay, Praveen Mahadeo"]
[Result "1/2-1/2"]
[WhiteElo "2334"]
[BlackElo "2492"]

1.d4 Nf6 2.c4 g6 3.Nc3 Bg7 4.e4 d6 5.Nf3 O-O 6.Be2 e5 7.Be3 Nbd7 8.O-O c6
9.d5 c5 10.Ne1 Ne8 11.Nd3 f5 12.f4 Qe7 13.fxe5 Nxe5 14.Nxe5 Bxe5 15.Qd2 Nf6
16.Bg5 fxe4 17.Kh1 Rf7 18.Rae1 Bf5 19.Nd1 Raf8 20.Ne3 Bc8 21.Rf2 Qc7 22.Bh6 Ne8
23.Rxf7 Rxf7 24.Ng4 Bg7 25.Bxg7 Kxg7 26.Qh6+ Kh8 27.Bf3 Bxg4 28.Bxg4 Qe7
29.Be6 Qf8 30.Qxf8+ Rxf8 31.Kg1 Nf6 32.Re3 Rb8 33.Rb3 b6 34.Kf2 Kg7 35.Ke3 Kf8
36.Ra3 Rb7 37.Kf4 Re7 38.g4 h6 39.h4 Ne8 40.Kxe4 Nf6+ 41.Kf4 Rc7 42.Rc3 Re7
43.a3 Nd7 44.Re3 Nf6 45.Rc3 Nd7 46.Re3 Nf6 47.Rc3 Nd7  1/2-1/2

[Event "Biel MTO"]
[Site "Biel"]
[Date "1999.07.21"]
[Round "2"]
[White "Sashikiran, Krishnan"]
[Black "Saravanan, V."]
[Result "1-0"]
[WhiteElo "2536"]
[BlackElo "2429"]

1.d4 g6 2.c4 Bg7 3.Nc3 Nf6 4.e4 d6 5.Nf3 O-O 6.Be2 e5 7.Be3 c6 8.d5 Ng4 9.Bg5 f6
10.Bh4 c5 11.Nd2 Nh6 12.Rb1 Nf7 13.Bg4 Nd7 14.Be6 h5 15.f3 Bh6 16.Qe2 Kg7
17.Bf2 Ng5 18.Bxd7 Bxd7 19.b4 b6 20.O-O Nf7 21.Be3 Bxe3+ 22.Qxe3 f5 23.exf5 gxf5
24.f4 cxb4 25.Rxb4 Qf6 26.fxe5 Nxe5 27.Ne2 Ng4 28.Qd4 Rae8 29.Qxf6+ Kxf6
30.Nf4 Kg5 31.g3 Kh6 32.Rb3 Re3 33.h3 Rxb3 34.axb3 Ne5 35.Nf3 Nxf3+ 36.Rxf3 Re8
37.Kf2 Re4 38.Re3 h4 39.Rxe4 hxg3+ 40.Kxg3 fxe4 41.h4 a5 42.Ne2 b5 43.cxb5 Bxb5
44.Nd4 Bd3 45.Kf4 Kh5 46.Nc6 Kxh4 47.Nxa5 Ba6 48.Nc4  1-0

[Event "EtVas Vantaa GM"]
[Site "Myyrmanni"]
[Date "1999.07.21"]
[Round "2"]
[White "Lugovoi, Aleksei"]
[Black "Sepp, Olav"]
[Result "1/2-1/2"]
[WhiteElo "2509"]
[BlackElo "2404"]

1.d4 Nf6 2.c4 g6 3.Nc3 Bg7 4.e4 d6 5.Nf3 O-O 6.Be2 e5 7.d5 a5 8.Bg5 Na6 9.Nd2 Qe8
10.g4 Nd7 11.h4 Ndc5 12.Nf1 f6 13.Be3 f5 14.gxf5 gxf5 15.exf5 Bxf5 16.Ng3 Qd7
17.f3 Kh8 18.Nce4 Bxe4 19.Nxe4 Qf5 20.Qb1  1/2-1/2

[Event "Komercni Banka op"]
[Site "Pardubice"]
[Date "1999.07.21"]
[Round "6"]
[White "Ovsejevitsch, Sergei"]
[Black "Alekseev, Evgeny"]
[Result "1-0"]
[WhiteElo "2515"]
[BlackElo "2400"]

1.d4 Nf6 2.c4 g6 3.Nc3 Bg7 4.e4 d6 5.Nf3 O-O 6.Be2 Nbd7 7.O-O e5 8.Be3 h6
9.dxe5 dxe5 10.Nd2 c6 11.c5 Qe7 12.b4 Rd8 13.Qc2 Nf8 14.Rad1 Ne6 15.Nb3 Bd7
16.Rd6 Ne8 17.Rd2 Nf4 18.Rfd1 Nxe2+ 19.Nxe2 Be6 20.Na5 Rxd2 21.Qxd2 h5 22.Nc3 Qc7
23.Bg5 Bf8 24.Bd8 Qc8 25.Qg5 b6 26.Nb3 Bxb3 27.axb3 Qe6 28.b5 bxc5 29.bxc6 Qxc6
30.Qxe5 Bg7 31.Nd5 Kh7 32.Qe7 Rb8 33.h3 Rb7 34.Qh4 Rxb3 35.g4 Qe6 36.gxh5 g5
37.Qxg5 Qxe4 38.Qg4 Qe5 39.Ne3 Nf6 40.Bxf6 Qxf6 41.Qe4+ Kg8 42.Ng4 Qf3 43.Rd8+ Bf8
44.h6  1-0

[Event "SCO-ch"]
[Site "Edinburgh"]
[Date "1999.07.22"]
[Round "7"]
[White "Summerscale, Aaron"]
[Black "Berry, Neil"]
[Result "1/2-1/2"]
[WhiteElo "2420"]
[BlackElo "2200"]

1.d4 Nf6 2.c4 g6 3.Nc3 Bg7 4.e4 d6 5.Nf3 O-O 6.Be2 e5 7.O-O Na6 8.Be3 Ng4
9.Bg5 Qe8 10.h3 h6 11.Bc1 exd4 12.Nxd4 Nf6 13.Bf3 Nc5 14.Re1 Qd8 15.Be3 Re8
16.Qc2 a5 17.Rad1 Nfd7 18.Be2 c6 19.Bf1 Qe7 20.Bf4 Ne5 21.Bg3 g5 22.Bh2 Ng6
23.Be2 Be5 24.Bg4 Qf6 25.Qd2 Bxg4 26.hxg4 Bxh2+ 27.Kxh2 Ne5 28.Qe2 Qf4+ 29.Kg1 Qxg4
30.Qxg4 Nxg4 31.Nf5 Re6 32.Rxd6 Rxd6 33.Nxd6 Ne5 34.Rd1 Rd8 35.b3 Kh7 36.f3 b6
37.Kf1 Kg6 38.Nf5 Rxd1+ 39.Nxd1 a4 40.Nd4 axb3 41.axb3 Ncd3 42.Ne3 Nc1 43.b4 c5
44.bxc5  1/2-1/2

[Event "Biel MTO"]
[Site "Biel"]
[Date "1999.07.25"]
[Round "6"]
[White "Cherniaev, Alexander"]
[Black "Sturua, Zurab"]
[Result "1/2-1/2"]
[WhiteElo "2432"]
[BlackElo "2602"]

1.e4 g6 2.d4 Bg7 3.c4 d6 4.Nc3 Nf6 5.Be2 O-O 6.Nf3 e5 7.d5 a5 8.Bg5 h6 9.Bh4 Na6
10.Nd2 Qe8 11.O-O Bd7 12.Kh1 Nh7 13.Rb1 h5 14.f3 Bh6 15.Bf2 Qe7 16.Nb3 b6
17.Nb5 f5 18.exf5 gxf5 19.c5 bxc5 20.Nxa5 Nb4 21.Nb3 Rxa2 22.Nxc7 Rc8 23.Bxc5 Rxc7
24.Bxb4 Ba4 25.Ba3 Rb7 26.Bc4 Qh4 27.Qe2 Bxb3 28.Bxb3 Rxb3 29.Bxd6 Re3 30.Qc2 Ra8
31.Qxf5 Qf6 32.Qe6+ Qxe6 33.dxe6 Re8 34.e7 Kf7 35.b4 Bg5 36.f4 exf4 37.b5 Ke6
38.Bc7 Bxe7 39.Bxf4 Re4 40.b6 Bd6 41.Bxd6 Kxd6 42.b7 Rb8 43.Kg1 Re7 44.Rf5  1/2-1/2

[Event "Dutch Open"]
[Site "Dieren"]
[Date "1999.07.25"]
[Round "6"]
[White "Odendahl, Reiner"]
[Black "Golod, Vitali"]
[Result "0-1"]
[WhiteElo "2332"]
[BlackElo "2568"]

1.Nf3 Nf6 2.c4 g6 3.Nc3 Bg7 4.e4 d6 5.d4 O-O 6.Be2 e5 7.O-O Na6 8.Re1 Qe8
9.Bf1 Bg4 10.Be3 Bxf3 11.Qxf3 Ng4 12.dxe5 Nxe3 13.Qxe3 Qxe5 14.Rad1 c6 15.Rd2 Nc5
16.g3 Rfe8 17.Bg2 a5 18.Red1 Rad8 19.f3 a4 20.Qf2 Qe6 21.Rc2 Qxc4 22.Nd5 Qxa2
23.Nc7 Re7 24.b4 Qb3 25.bxc5 Rxc7 26.cxd6 Rcd7 27.Rcd2 Rxd6  0-1

[Event "Glorney Cup U20"]
[Site "Bruges"]
[Date "1999.07.26"]
[Round "1"]
[White "Palliser, Richard"]
[Black "Wortel, Marten"]
[Result "1-0"]
[WhiteElo "2253"]
[BlackElo "2283"]

1.d4 Nf6 2.c4 g6 3.Nc3 Bg7 4.e4 d6 5.Nf3 O-O 6.Be2 e5 7.d5 a5 8.Bg5 Na6 9.Nd2 Nc5
10.O-O h6 11.Bh4 Qe8 12.b3 Nh7 13.a3 f5 14.f3 f4 15.b4 Na6 16.Bf2 g5 17.c5 Qg6
18.cxd6 cxd6 19.Na4 Nf6 20.b5 Nc7 21.Nb6 Rb8 22.Rc1 Na8 23.Nxc8 Rbxc8 24.Qa4 g4
25.fxg4 Rxc1 26.Rxc1 Nxg4 27.Bxg4 Qxg4 28.Nf3 Qg6 29.Rc4 Bf6 30.Qxa5 Kh8
31.Qc3 Rg8 32.Ne1 Qg4 33.a4 Kh7 34.a5 Qd7 35.b6 Bd8 36.Qb3 Rg7 37.Rc3 Bf6
38.Qc4 Rg8 39.a6 Bd8 40.Qc8  1-0

[Event "Korinthos op 3rd"]
[Site "Korinthos"]
[Date "1999.07.26"]
[Round "3"]
[White "Simeonidis, Ioannis"]
[Black "Tzermiadianos, Andreas"]
[Result "0-1"]
[WhiteElo "2269"]
[BlackElo "2432"]

1.Nf3 Nf6 2.c4 g6 3.Nc3 Bg7 4.e4 d6 5.d4 O-O 6.Be2 e5 7.d5 a5 8.Bg5 h6 9.Bh4 Na6
10.Nd2 Qe8 11.O-O Nh7 12.Kh1 h5 13.f3 Bd7 14.Ndb1 Bh6 15.Na3 Bg5 16.Bxg5 Nxg5
17.Nab5 Qe7 18.a3 f6 19.Rb1 Nf7 20.Na4 Bxb5 21.cxb5 Nc5 22.b6 Nxa4 23.Qxa4 cxb6
24.Qb3 Rfc8 25.Qxb6 Qc7 26.Qf2 Kg7 27.Qg3 Qc2 28.Bb5 Qd2 29.b3 Rc7 30.a4 Rc2
31.Rbd1 Qe3 32.Rd3 Qf4 33.Qe1 Rac8 34.Bc4 Qg5 35.Rg1 Rc5 36.g3 f5 37.exf5 Qxf5
38.Re3 Ng5 39.Rf1 Rb2 40.f4 Nh3 41.Bd3 Qxd3 42.Rxd3 Rcc2  0-1

[Event "Glorney Cup U20"]
[Site "Bruges"]
[Date "1999.07.27"]
[Round "2"]
[White "Palliser, Richard"]
[Black "Housieaux, David"]
[Result "1-0"]
[WhiteElo "2253"]
[BlackElo "2202"]

1.d4 Nf6 2.c4 g6 3.Nc3 Bg7 4.e4 d6 5.Nf3 O-O 6.Be2 e5 7.d5 a5 8.Bg5 Na6 9.Nd2 h6
10.Bh4 h5 11.O-O Qe8 12.a3 Bd7 13.f3 Nh7 14.Kh1 Bh6 15.Rb1 Nc5 16.b4 axb4
17.axb4 Na4 18.Qc2 Nxc3 19.Qxc3 Ra2 20.Rb2 Qa8 21.c5 Rc8 22.Nc4 Bb5 23.Bd3 Bxc4
24.Bxc4 Ra3 25.Rb3 Ra2 26.Rbb1 Ra3 27.Bb3 b6 28.c6 Qa7 29.Qd3 Ra8 30.Be1 Qb8
31.Bc3 Qd8 32.g3 h4 33.Kg2 Qg5 34.Bb2 R3a7 35.Bc1 Qh5 36.f4 exf4 37.gxf4 Qg4+
38.Kh1 Nf6 39.Rg1 Qc8 40.e5 Ng4 41.Qe2 Ra1 42.Bc2 Rxb1 43.Bxb1 dxe5 44.Qxg4 Qxg4
45.Rxg4 Ra1 46.d6 cxd6 47.c7 Ra8 48.Bf5  1-0

[Event "Korinthos op 3rd"]
[Site "Korinthos"]
[Date "1999.07.27"]
[Round "4"]
[White "Halkias, Stelios"]
[Black "Radovanovic, Dusan"]
[Result "1-0"]
[WhiteElo "2406"]
[BlackElo "2298"]

1.d4 Nf6 2.c4 g6 3.Nc3 Bg7 4.e4 d6 5.Nf3 O-O 6.Be2 e5 7.Be3 Nc6 8.d5 Ne7
9.Nd2 c5 10.O-O Nd7 11.g4 f5 12.gxf5 gxf5 13.exf5 Nxf5 14.Nde4 Nf6 15.Bg5 h6
16.Bxf6 Bxf6 17.Kh1 Nd4 18.Rg1+ Bg7 19.Bg4 Qe7 20.Bxc8 Raxc8 21.Qh5 Kh8 22.Rg6 Nf5
23.Rag1 Kg8 24.Nxd6 Nxd6 25.Rxh6  1-0

[Event "Korinthos op 3rd"]
[Site "Korinthos"]
[Date "1999.07.28"]
[Round "5"]
[White "Cvetkovic, Srdjan"]
[Black "Koukoufikis, A."]
[Result "1/2-1/2"]
[WhiteElo "2416"]
[BlackElo "2201"]

1.c4 Nf6 2.Nc3 g6 3.e4 d6 4.d4 Bg7 5.Nf3 O-O 6.Be2 Nbd7 7.O-O e5 8.Re1 Re8
9.d5 Nc5 10.Bf1 a5 11.Bg5 h6 12.Bc1 Nfd7 13.b3 f5 14.Nd2 Nf6 15.f3 f4 16.a3 g5
17.Bb2 g4 18.b4 axb4 19.axb4 Rxa1 20.Qxa1 Na6 21.Ba3 Bf8 22.Nb3 Nh5 23.fxg4 Bxg4
24.Be2 Bxe2 25.Nxe2 Qh4 26.Nd2 Nf6 27.Nf3 Qh5 28.Nxf4 Qg4 29.Ne6 Nxe4 30.h3 Qf5
31.Qb1 Ng3 32.Qxf5 Nxf5 33.b5 Nb8 34.Nxc7 Rc8 35.Ne6 Be7 36.g4 Ng7 37.Nxg7 Kxg7
38.Nxe5 Bh4 39.Re4 dxe5 40.c5 Be7 41.Rxe5 Bxc5+ 42.Bxc5 Rxc5 43.Re7+ Kf6
44.Rxb7 Rc8 45.Kg2 Rh8 46.Kg3 Ke5 47.Kh4 Kd6 48.Rb6+ Kc5 49.Rg6 Kxb5 50.Kh5 Kc5
51.Rxh6 Rxh6+ 52.Kxh6 Kxd5 53.Kg7 Ke5 54.h4 Na6 55.h5 Nc7 56.h6 Ne6+ 57.Kg6 Kf4  1/2-1/2

[Event "EtVas Vantaa GM"]
[Site "Myyrmanni"]
[Date "1999.07.28"]
[Round "9"]
[White "Lugovoi, Aleksei"]
[Black "Yrjola, Jouni"]
[Result "1-0"]
[WhiteElo "2509"]
[BlackElo "2412"]

1.d4 Nf6 2.c4 g6 3.Nc3 Bg7 4.e4 d6 5.Nf3 O-O 6.Be2 e5 7.d5 Na6 8.Bg5 h6 9.Bh4 g5
10.Bg3 Nh5 11.h4 Nxg3 12.fxg3 gxh4 13.Nxh4 Qg5 14.g4 Bf6 15.Qd2 Qxd2+ 16.Kxd2 Bg5+
17.Kc2 Nb4+ 18.Kb3 a5 19.a3 Na6 20.Kc2 Nc5 21.b3 a4 22.b4 Nb3 23.Raf1 Nd4+
24.Kd3 Nxe2 25.Nxe2 Bxg4 26.Nf5 Bxf5 27.Rxf5 c6 28.Nc3 Rfc8 29.Rhf1 Rc7 30.b5 Rac8
31.b6 Rd7 32.Rb1 c5 33.Nb5 Bd8 34.Rbf1 Ra8 35.R1f3 Ra6 36.Rg3+ Kf8 37.Rg6 Rxb6
38.Rxh6 Ra6 39.Rfh5 Kg7 40.Rh7+ Kg6  1-0

[Event "EtVas Vantaa GM"]
[Site "Myyrmanni"]
[Date "1999.07.28"]
[Round "9"]
[White "Gdanski, Jacek"]
[Black "Sepp, Olav"]
[Result "1-0"]
[WhiteElo "2512"]
[BlackElo "2404"]

1.d4 Nf6 2.c4 g6 3.Nc3 Bg7 4.e4 d6 5.Nf3 O-O 6.Be2 e5 7.O-O Nbd7 8.Re1 h6
9.Rb1 a5 10.b3 Nh7 11.dxe5 dxe5 12.Be3 f5 13.Qd5+ Kh8 14.Rbd1 Qe7 15.c5 f4
16.Bc1 Nhf6 17.Qc4 c6 18.Na4 Ne8 19.Bb2 g5 20.Nd2 Nc7 21.Bg4 Na6 22.Bf5 g4
23.Bxg4 Ndxc5 24.Bxc8 b5 25.Qe2 Raxc8 26.Nxc5 Nxc5 27.Nf3 Bf6 28.Rd2 Rg8
29.Red1 Qg7 30.Ne1 Rce8 31.Rd6 Re6 32.Qc2 Rxd6 33.Rxd6 Nb7 34.Rxc6 Nd8 35.Rc5 Nf7
36.Rc8 Ng5 37.Kf1 Qd7 38.Rxg8+ Kxg8 39.f3 h5 40.Qd3 Qc6  1-0

[Event "Aceimar op 6th"]
[Site "Mondariz Balneario"]
[Date "1999.07.29"]
[Round "3"]
[White "Giorgadze, Giorgi"]
[Black "Martinez Martin, David"]
[Result "1-0"]
[WhiteElo "2602"]
[BlackElo "2390"]

1.d4 Nf6 2.c4 g6 3.Nc3 Bg7 4.e4 d6 5.Nf3 O-O 6.Be2 e5 7.Be3 h6 8.O-O Ng4
9.Bc1 Nc6 10.d5 Ne7 11.Ne1 f5 12.Bxg4 fxg4 13.Be3 g5 14.c5 Ng6 15.Rc1 Rf7
16.b4 Bf8 17.a4 a5 18.cxd6 cxd6 19.b5 b6 20.Ne2 Rb8 21.Ng3 Nf4 22.Nd3 h5
23.Nb2 h4 24.Nf5 Rxf5 25.exf5 Bxf5 26.Rc6 Qd7 27.Nc4 Be4 28.Bxf4 exf4 29.Re1 Re8
30.Nxb6 Qf5 31.Rc8 Rxc8 32.Nxc8 h3 33.Qe2 Bxd5 34.Qe8 Kg7 35.Ne7 Qd3 36.Nxd5 Qxd5
37.Qd7+ Kg8 38.Qe6+  1-0

[Event "Aceimar op 6th"]
[Site "Mondariz Balneario"]
[Date "1999.07.30"]
[Round "4"]
[White "Lopez Martinez, Jose Manuel"]
[Black "Moreno, Julian"]
[Result "1/2-1/2"]
[WhiteElo "2378"]
[BlackElo "2474"]

1.d4 Nf6 2.c4 g6 3.Nc3 Bg7 4.e4 d6 5.Be2 O-O 6.Nf3 e5 7.O-O Na6 8.Be3 c6
9.h3 exd4 10.Bxd4 Re8 11.Bd3 b6 12.Qd2 Nc5 13.Rfe1 Nxd3 14.Qxd3 Bb7 15.Rad1 c5
16.Bxf6 Bxf6 17.Nb5 Be7 18.b3 Bf8 19.Re3 Bh6 20.Re2 Bf8 21.Re3 Bh6 22.Re2 Bf8
23.Re3  1/2-1/2

[Event "Hotel Agro IM A"]
[Site "Budapest"]
[Date "1999.07.31"]
[Round "2"]
[White "Serrer, Christoph"]
[Black "Aldrovandi, Costantino"]
[Result "1/2-1/2"]
[WhiteElo "2257"]
[BlackElo "2350"]

1.Nf3 Nf6 2.c4 g6 3.Nc3 Bg7 4.e4 d6 5.d4 O-O 6.Be2 e5 7.dxe5 dxe5 8.Qxd8 Rxd8
9.Bg5 Re8 10.Nd5 Nxd5 11.cxd5 c6 12.Bc4 cxd5 13.Bxd5 Nd7 14.Nd2 Nc5 15.O-O-O Be6
16.Bxe6 Nxe6 17.Be3 Red8  1/2-1/2

[Event "Lost Boys op"]
[Site "Antwerp"]
[Date "1999.08.02"]
[Round "4"]
[White "Golod, Vitali"]
[Black "Shchekachev, Andrei"]
[Result "1/2-1/2"]
[WhiteElo "2568"]
[BlackElo "2505"]

1.d4 Nf6 2.c4 g6 3.Nc3 Bg7 4.e4 d6 5.Nf3 O-O 6.Be2 e5 7.O-O Na6 8.Re1 c6
9.Bf1 Bg4 10.Be3 Bxf3 11.Qxf3 Ng4 12.Qxg4 exd4 13.Bg5 f6 14.Bd2 dxc3 15.Bxc3 f5
16.Qh3 fxe4 17.Rxe4 Nc5 18.Bxg7 Kxg7 19.Qc3+ Qf6 20.Re7+ Rf7 21.Rxf7+ Kxf7
22.Qd2 Ne4 23.Qc2 Re8 24.Rd1 Qe5 25.Rd3 Nf6 26.Qd2 Ne4 27.Qc2 Kg7 28.g3 Nf6
29.Qb3 Qe7 30.Qa3 a6 31.Qxd6 Qxd6 32.Rxd6 Re1 33.f3 Kf7 34.Rd3 Ke7 35.Rb3 b5
36.Ra3 bxc4 37.Rxa6 Kd6 38.Kg2 Rc1 39.f4 Nd5 40.Be2 Rc2 41.Kf3 Kc5 42.Ra5+ Kd4
43.Ra4 Nb6 44.Rb4 Kc5 45.a3 c3  1/2-1/2

[Event "Lost Boys op"]
[Site "Antwerp"]
[Date "1999.08.03"]
[Round "5"]
[White "Gershon, Alik"]
[Black "Golod, Vitali"]
[Result "1/2-1/2"]
[WhiteElo "2492"]
[BlackElo "2568"]

1.d4 Nf6 2.c4 g6 3.Nc3 Bg7 4.e4 d6 5.Nf3 O-O 6.Be2 e5 7.d5 a5 8.Bg5 h6 9.Bh4 Na6
10.Nd2 Bd7 11.b3 Qe8 12.O-O Nh7 13.a3 f5 14.exf5 Bxf5 15.g4 e4 16.Rc1 e3
17.fxe3 Qxe3+ 18.Bf2 Qg5 19.h3 Bd7 20.Nf3 Qf4 21.Kg2 Rae8 22.Bg3 Qe3 23.Bf2 Qf4
24.Bg3 Qe3 25.Bf2 Qf4  1/2-1/2

[Event "MK Cafe Cup-A"]
[Site "Koszalin"]
[Date "1999.08.03"]
[Round "1"]
[White "Ftacnik, Lubomir"]
[Black "Blehm, Pawel"]
[Result "1-0"]
[WhiteElo "2589"]
[BlackElo "2479"]

1.d4 Nf6 2.Nf3 g6 3.c4 Bg7 4.Nc3 d6 5.e4 O-O 6.Be2 e5 7.O-O Qe8 8.d5 a5 9.Ne1 Na6
10.Nd3 Bd7 11.Be3 c6 12.f3 cxd5 13.cxd5 b5 14.a4 b4 15.Nb5 Qb8 16.Qd2 Ne8
17.b3 Nec7 18.Nxc7 Qxc7 19.Rac1 Qb8 20.Nb2 Bf6 21.Rc2 Bd8 22.Nc4 Nc5 23.Bxc5 dxc5
24.Qe3 Be7 25.d6 Bf6 26.Qxc5 Rc8 27.Qf2 Bd8 28.Kh1 Be6 29.Rd2 Bg5 30.Rdd1 Rd8
31.Qc5 Bf6 32.f4 exf4 33.Rxf4 Rc8 34.Qf2 Bg5 35.Rf3 Qa7 36.Nb6 Bxb3 37.Rxb3 Bd8
38.d7 Rc6 39.Bc4 Rf6 40.Rf3 Qxb6 41.Qxb6 Rxb6 42.Rxf7  1-0

[Event "MK Cafe Cup-B"]
[Site "Koszalin"]
[Date "1999.08.03"]
[Round "1"]
[White "Sakalauskas, Vaidas"]
[Black "Nekrasova, Elena"]
[Result "1-0"]
[WhiteElo "2450"]
[BlackElo "2166"]

1.d4 Nf6 2.c4 g6 3.Nc3 Bg7 4.e4 d6 5.Be2 O-O 6.Nf3 e5 7.O-O Nbd7 8.Re1 exd4
9.Nxd4 c6 10.Bf1 Re8 11.Bf4 Nc5 12.Qc2 Nfd7 13.Be3 Ne5 14.Rad1 Ng4 15.Bf4 Be5
16.Bxe5 dxe5 17.Nb3 Qe7 18.Nxc5 Qxc5 19.Rd2 Nf6 20.Red1 Qe7 21.Rd6 Nh5 22.c5 Nf4
23.b4 Ne6 24.Ne2 a5 25.a3 Nc7 26.Nc1 Ne6 27.Nb3 a4 28.Na5 Nd4 29.Qc1 Be6
30.f4 Nb3 31.Nxb3 Bxb3 32.Rd7 Qf6 33.R1d6 Qxf4 34.Qxf4 exf4 35.Rxb7 Rxe4
36.b5 Re1 37.Kf2 Rxf1+ 38.Kxf1 Bc4+ 39.Kf2 Bxb5 40.Rf6 Rf8 41.Rxf4 f5 42.Rd4 Rf7
43.Rdd7 Bc4 44.Rxf7 Bxf7 45.Ke3 Kg7 46.Rc7  1-0

[Event "MK Cafe Cup-A"]
[Site "Koszalin"]
[Date "1999.08.03"]
[Round "1"]
[White "Kharitonov, Andrei Y"]
[Black "McNab, Colin Anderson"]
[Result "1/2-1/2"]
[WhiteElo "2559"]
[BlackElo "2445"]

1.d4 d6 2.Nf3 g6 3.c4 Bg7 4.Nc3 Nd7 5.e4 e5 6.Be2 Ngf6 7.O-O O-O 8.Be3 Re8
9.Qc2 exd4 10.Nxd4 c6 11.Rad1 Qe7 12.f3 a5 13.Rfe1 Nc5 14.Bf1 Nfd7 15.Qd2 Ne5
16.Nb3 a4 17.Nxc5 dxc5 18.Qc2 f5 19.f4 Ng4 20.e5 Nxe3 21.Rxe3 g5 22.g3 Bh6
23.Qf2 Kh8 24.Kh1 Be6 25.Ree1 gxf4 26.gxf4 Rg8 27.Be2 b5 28.Rd6 bxc4 29.Bf3 Bxf4
30.Bxc6  1/2-1/2

[Event "MK Cafe Cup-B"]
[Site "Koszalin"]
[Date "1999.08.03"]
[Round "1"]
[White "Lisinski, Henryk"]
[Black "Brustman, Agnieszka"]
[Result "1/2-1/2"]
[WhiteElo "2099"]
[BlackElo "2383"]

1.d4 Nf6 2.Nf3 g6 3.c4 Bg7 4.Nc3 O-O 5.e4 d6 6.Be2 e5 7.dxe5 dxe5 8.Qxd8 Rxd8
9.Bg5 Re8 10.Rd1 Na6 11.O-O Bg4 12.a3 Nc5 13.h3 Bxf3 14.Bxf3 Ne6 15.Be3 Rad8
16.Rxd8 Rxd8 17.Rd1 Nd4 18.Bxd4 exd4 19.Nb5 Ne8 20.e5 Bxe5 21.Bxb7 a5 22.b4 axb4
23.axb4 d3 24.Bd5 Kf8 25.Na7 Bd6 26.Rxd3 Nf6 27.g3 Re8 28.Nc6 Re1+ 29.Kg2 Kg7
30.Bf3 Rb1 31.c5 Bf8 32.Rd8 Re1 33.Rc8 Ne8 34.Na7 Kf6 35.Nb5 Bh6 36.Nxc7 Nxc7
37.Rxc7 Rb1 38.Rd7 Rxb4 39.c6 Rc4 40.c7 Ke6 41.Rxf7 Kxf7 42.Bd5+ Ke7 43.Bxc4 Kd7
44.Bg8 Bf8 45.Bxh7 g5 46.h4 gxh4 47.g4 Bd6 48.Be4 Bxc7 49.Kf3 Ke6 50.g5 Ke5
51.Bd3 Bb6 52.g6 Kf6 53.Be4 Bd4 54.Ke2 h3 55.f4  1/2-1/2